01010nas a2200205I 4500022001400000040000800014082002600022245004300048260002600091300001400117650002300131650002000154856005400174942000700228999001700235952014700252952013500399952013500534952013500669 a0378-620x cGUA a515 BIR 1986 A032 Or.00aIntegral equations and operator theory00aBasel,bBirkh©Şuser av.c24 cm 0aIntegral equations 0aOperator theory41uhttp://rave.ohiolink.edu/ejournals/issn/0378620X/ cEK c12163d12163 0010406515_000000000000000_BIR_1986_A032_OR70961426aLBAbLBAcA032d2017-08-10o515 BIR 1986 A032 Or.pA18328r2017-08-10w2017-08-10yEK 0010406515_000000000000000_BIR_1986_A032_OR70961427aLBAbLBAcA032d2017-08-10o515 BIR 1986 A032 Or.pA18383r2017-08-10yEK 0010406515_000000000000000_BIR_1986_A032_OR70961428aLBAbLBAcA032d2017-08-10o515 BIR 1986 A032 Or.pA16673r2017-08-10yEK 0010406515_000000000000000_BIR_1986_A032_OR70961429aLBAbLBAcA032d2017-08-10o515 BIR 1986 A032 Or.pA15893r2017-08-10yEK